| 000 | 00997cam a2200289 a 4500 | ||
|---|---|---|---|
| 001 | 481026 | ||
| 003 | ARRUPE | ||
| 005 | 20151104095428.0 | ||
| 008 | 840910s1984 inu b 001 0 eng | ||
| 010 | _a 84040358 | ||
| 020 |
_a0268016275 : _c$16.95 |
||
| 020 |
_a0268016283 (pbk.) : _c$8.95 |
||
| 040 |
_aDLC _cDLC _dDLC |
||
| 050 | 0 | 0 |
_aBJ1251 _b.Y6 1984 |
| 082 | 0 | 0 |
_a241 _219 |
| 100 | 1 |
_aYoder, John Howard. _920883 |
|
| 245 | 1 | 4 |
_aThe priestly kingdom : _bsocial ethics as gospel / _cJohn Howard Yoder. |
| 260 |
_aNotre Dame, Ind. : _bUniversity of Notre Dame Press, _cc1984. |
||
| 300 |
_av, 222 p. ; _c23 cm. |
||
| 500 | _aIncludes index. | ||
| 504 | _aBibliography: p. 197-215. | ||
| 650 | 0 |
_aChristian ethics _xMennonite authors. _xAddresses, essays, lectures _920884 |
|
| 650 | 0 |
_aSocial ethics. _xAddresses, essays, lectures _920885 |
|
| 650 | 0 |
_aAnabaptists. _xAddresses, essays, lectures _920886 |
|
| 906 |
_a7 _bcbc _corignew _d1 _eocip _f19 _gy-gencatlg |
||
| 942 |
_2lcc _cMONOGRAPH |
||
| 999 |
_c123726 _d123726 |
||